<?xml version="1.0" encoding="UTF-8"?><?xml-stylesheet type="text/xsl" href="static/style.xsl"?><OAI-PMH xmlns="http://www.openarchives.org/OAI/2.0/" xmlns:xsi="http://www.w3.org/2001/XMLSchema-instance" xsi:schemaLocation="http://www.openarchives.org/OAI/2.0/ http://www.openarchives.org/OAI/2.0/OAI-PMH.xsd"><responseDate>2026-04-13T04:49:56Z</responseDate><request verb="GetRecord" identifier="oai:www.recercat.cat:2072/421339" metadataPrefix="marc">https://recercat.cat/oai/request</request><GetRecord><record><header><identifier>oai:recercat.cat:2072/421339</identifier><datestamp>2025-05-23T20:06:52Z</datestamp><setSpec>com_2072_98</setSpec><setSpec>col_2072_378196</setSpec></header><metadata><record xmlns="http://www.loc.gov/MARC21/slim" xmlns:dcterms="http://purl.org/dc/terms/" xmlns:xsi="http://www.w3.org/2001/XMLSchema-instance" xmlns:doc="http://www.lyncode.com/xoai" xsi:schemaLocation="http://www.loc.gov/MARC21/slim http://www.loc.gov/standards/marcxml/schema/MARC21slim.xsd">
   <leader>00925njm 22002777a 4500</leader>
   <datafield ind2=" " ind1=" " tag="042">
      <subfield code="a">dc</subfield>
   </datafield>
   <datafield ind2=" " ind1=" " tag="720">
      <subfield code="a">Pérez-Cameo, Cristina</subfield>
      <subfield code="e">author</subfield>
   </datafield>
   <datafield ind2=" " ind1=" " tag="720">
      <subfield code="a">Universitat Autònoma de Barcelona. Departament de Medicina</subfield>
      <subfield code="e">author</subfield>
   </datafield>
   <datafield ind2=" " ind1=" " tag="720">
      <subfield code="a">Universitat Autònoma de Barcelona. Facultat de Medicina</subfield>
      <subfield code="e">author</subfield>
   </datafield>
   <datafield ind2=" " ind1=" " tag="260">
      <subfield code="c">2013</subfield>
   </datafield>
   <datafield ind2=" " ind1=" " tag="520">
      <subfield code="a">La peritonitis bacteriana espontánea consiste en la infección del líquido ascítico en ausencia de un foco evidente intraabdominal. Los microorganismos causales más frecuentes son bacilos Gram negativos y cocos Gram positivos. Son escasos los datos en los pacientes trasplantados hepáticos que evolucionan a cirrosis. Se diseñó un estudio caso-control con el objetivo de determinar la idoneidad del tratamiento empírico con ceftriaxona en dicha población. No se observaron diferencias etiológicas entre ambos grupos y la sensibilidad a cefalosporinas de tercera generación fue similar. Los trasplantados presentaron mayor incidencia de insuficiencia renal, y mayor mortalidad durante el episodio y a 6 meses.</subfield>
   </datafield>
   <datafield ind2=" " ind1=" " tag="520">
      <subfield code="a">La peritonitis bacteriana espontània consisteix en la infecció del líquid ascític en absència d'un focus evident intraabdominal. Els microorganismes causals més freqüents son bacils Gram negatius i cocos Gram positius. Són escasses les dades en pacients trasplantats hepàtics que evolucionen a cirrosi. Es va dissenyar un estudi cas-control amb l'objectiu de determinar la idoneïtat del tractament empíric amb ceftriaxona en aquesta població. No es van observar diferències etiològiques entre ambdós grups i la sensibilitat a cefalosporines de tercera generació va ser similar. Els trasplantats van presentar major incidència d'insuficiència renal, i major mortalitat durant l'episodi i a 6 mesos.</subfield>
   </datafield>
   <datafield tag="653" ind2=" " ind1=" ">
      <subfield code="a">Fetge Trasplantació</subfield>
   </datafield>
   <datafield tag="653" ind2=" " ind1=" ">
      <subfield code="a">Peritonitis</subfield>
   </datafield>
   <datafield tag="653" ind2=" " ind1=" ">
      <subfield code="a">Fetge Trasplantació</subfield>
   </datafield>
   <datafield tag="653" ind2=" " ind1=" ">
      <subfield code="a">Peritonitis</subfield>
   </datafield>
   <datafield ind2="0" ind1="0" tag="245">
      <subfield code="a">Estudio caso-control de las cefalosporinas como tratamiento empírico de la peritonitis bacteriana espontánea en los receptores de trasplante hepático ortotópico. Epidemiología e impacto en la mortalidad</subfield>
   </datafield>
</record></metadata></record></GetRecord></OAI-PMH>